Catálogo
 En Linea

El amor en la familia : (Registro nro. 51567)

Detalles MARC
000 -CABECERA
campo de control de longitud fija 01084nam a22002297a 4500
003 - IDENTIFICADOR DEL NÚMERO DE CONTROL
campo de control OSt
005 - FECHA Y HORA DE LA ÚLTIMA TRANSACCIÓN
campo de control 20220425094139.0
008 - DATOS DE LONGITUD FIJA--INFORMACIÓN GENERAL
campo de control de longitud fija 110301s2016 dr a 000 0 spa d
040 ## - FUENTE DE LA CATALOGACIÓN
Centro catalogador/agencia de origen DO-SdBNP
Lengua de catalogación spa
Centro/agencia transcriptor BNPHU
082 ## - NÚMERO DE LA CLASIFICACIÓN DECIMAL DEWEY
Número de clasificación xxxx
Número de documento/Ítem xxx
100 1# - ENTRADA PRINCIPAL--NOMBRE DE PERSONA
Nombre de persona Cabrera, Angela
9 (RLIN) 53018
245 13 - MENCIÓN DE TÍTULO
Título El amor en la familia :
Resto del título 13 consejos para amar hasta la santidad /
Mención de responsabilidad, etc. Angela Cabrera ; revisión José Dolores Grullón Estrella
250 ## - MENCIÓN DE EDICIÓN
Mención de edición 2a. ed.
260 ## - PUBLICACIÓN, DISTRIBUCIÓN, ETC.
Lugar de publicación, distribución, etc. Santo Domingo :
Nombre del editor, distribuidor, etc. Instituto Nacional de Pastoral,
Fecha de publicación, distribución, etc. 2016
300 ## - DESCRIPCIÓN FÍSICA
Extensión 43 p. :
Otras características físicas il.
Dimensiones 22 cm.
504 ## - NOTA DE BIBLIOGRAFÍA, ETC.
Nota de bibliografía, etc. Bibliografía p: 43
505 0# - NOTA DE CONTENIDO CON FORMATO
Información miscelánea Presentación --
-- Primera carta a los Corintios 13,4-7 --
Título Cultivar la paciencia --
-- Actitud de servicio --
-- Sanando la envidia --
-- <br/>Sin hacer alarde ni agrandarse --
-- Amabilidad --
-- Desprendimiento --
-- Sin violencia interior --
-- Perdón --
-- Alegrarse con los demás --
-- Disculpa todo --
-- Confía --
-- Espera --
-- Soporta todo --
-- Consideraciones finales /
590 ## - NOTA LOCAL (RLIN)
Nota local Inventariado, 2022/ YL
700 12 - PUNTO DE ACCESO ADICIONAL--NOMBRE DE PERSONA
Código de función/relación Grullón Estrella, José Dolores
Término indicativo de función/relación rev.
910 ## - DATOS DE OPCIÓN DEL USUARIO (OCLC)
Datos de opción del usuario YLockward
942 ## - ELEMENTOS DE PUNTO DE ACCESO ADICIONAL (KOHA)
Fuente del sistema de clasificación o colocación Dewey Decimal Classification
Tipo de ítem Koha Folleto
Existencias
Estado de retiro Estado de pérdida Fuente del sistema de clasificación o colocación Restricciones de uso No para préstamo Código de colección Localización permanente Ubicación/localización actual Ubicación en estantería Fecha de adquisición Total de préstamos Signatura topográfica completa Código de barras Fecha visto por última vez Precio válido a partir de Tipo de ítem Koha
    Dewey Decimal Classification Préstamo restringido   Patrimonio Dominicano Folletos Biblioteca Nacional Pedro Henríquez Ureña Biblioteca Nacional Pedro Henríquez Ureña En catalogación 19.02.2018   xxxx xxx 2022-1509 25.04.2022 25.04.2022 Folleto

Con tecnología Koha